1151 1263 1166 1059 1111 1500 1557 1782 1428 1307 1842 1900 1688 1724 1574 1572 1444 1193 1143 1763 1622 1319 1937 1562 1840 1177 1003 1894 1356 1119 1803 1655 1527 1858 1100 1926 1882 1902 1344 1182 1333 1866 1437 1026 1377 1724 1837 1426 1225 1034 1904 1047 1204 1604 1413 1733 1147 1081 1358 1378 1254 1915 1479 1455 1625 1029 1449 1314 1026 1202 1706 1185 1533 1437 1375 1627 1916 1720 1883 1099 1664 1036 1206 1768 1269 1673 1905 1827 1125 1329 1078 1129 1498 1389 1024 1888 1617 1803 1274 BCNSPRNW ULIB Ver.6.0+V

เปลี่ยนเป็นภาษาไทย

Change to English
 แสดงรายละเอียดบรรณานุกรม
  กลับหน้าหลัก

Brief Record : Get Marc (ISO 2709) : E-mail record : QR code < ปิดหน้าต่าง
LEADER : 00000nam 2200000uu 4500
001    13399113494
003     ULIB
008    111122s2549||||th 000 0 tha d
020    ^a9749440730
060 04 ^aW740^bร123น 2549
100 0  ^aรณชัย คงสกนธ์
245 10 ^aนิติจิตเวชศาสตร์ =^bForensic Psychiatry /^cรณชัย คงสกนธ์
246 31 ^aForensic Psychiatry
250    ^aพิมพ์ครั้งที่ 1
260    ^aกรุงเทพฯ :^bภาควิชาจิตเวชศาสตร์คณะแพทยศาสตร์โรงพยาบาลรามาธิบดี มหาวิทยาลัยมหิดล,^c2549
300    ^a383 หน้า :^bภาพประกอบ ;^c31 ซม.
650  2 ^aForensic Psychiatry
650  7 ^aนิติจิตเวชศาสตร์
710 2  ^aมหาวิทยาลัยมหิดล. ^bคณะแพทยศาสตร์โรงพยาบาลรามาธิบดี.^bภาควิชาจิตเวชศาสตร์
945    ^p460^l0^i24733
995    ^aกัณชพร
999    ^aใช้งานได้ทุกระบบ
รายการนี้ยังไม่มีแท็ก
คุณยังไม่ได้ล็อกอิน คุณสามารถมีกิจกรรมร่วมกับเว็บไซต์ได้ แต่ต้องล็อกอินก่อน ::
  ล็อกอิน

รายการสื่อสารสนเทศ

ลำดับที่ ประเภท เลขเรียก/บาร์โค้ด สถานที่ สถานะ
- ไม่พบข้อมูล -

รายการใกล้เคียง
    ผู้แต่ง [รณชัย คงสกนธ์]

    หัวเรื่อง [Forensic Psychiatry]
    หัวเรื่อง [นิติจิตเวชศาสตร์]

BibComment


ยังไม่เคยถูกคอมเมนท์

คอมเมนท์ทรัพยากรรายการนี้
  คอมเมนท์: นิติจิตเวชศาสตร์..


 Copyright 2026. Bcnsprnw @Library